Определение частотных характеристик сильноточных шунтов; Молодежь и современные информационные технологии

Dades bibliogràfiques
Parent link:Молодежь и современные информационные технологии.— 2012.— [С. 404-405]
Autor principal: Кузнецова Е. Ю. Екатерина Юрьевна
Autor corporatiu: Национальный исследовательский Томский политехнический университет (ТПУ) Институт кибернетики (ИК) Кафедра компьютерных измерительных систем и метрологии (КИСМ)
Altres autors: Заревич А. И. Антон Иванович
Sumari:Заглавие с титульного экрана
Idioma:rus
Publicat: 2012
Col·lecció:Компьютерные измерительные системы и метрология
Matèries:
Accés en línia:http://www.lib.tpu.ru/fulltext/c/2012/C04/175.pdf
Format: MixedMaterials Electrònic Capítol de llibre
KOHA link:https://koha.lib.tpu.ru/cgi-bin/koha/opac-detail.pl?biblionumber=611267

MARC

LEADER 00000naa2a2200000 4500
001 611267
005 20231101132641.0
035 |a (RuTPU)RU\TPU\conf\9003 
035 |a RU\TPU\conf\8995 
090 |a 611267 
100 |a 20150302d2012 k y0rusy50 ca 
101 0 |a rus 
102 |a RU 
105 |a y z 101zy 
135 |a drcn ---uucaa 
181 0 |a i  
182 0 |a b 
200 1 |a Определение частотных характеристик сильноточных шунтов  |f Е. Ю. Кузнецова, А. И. Заревич 
203 |a Текст  |c электронный 
225 1 |a Компьютерные измерительные системы и метрология 
230 |a 1 компьютерный файл (pdf; 336 Kb) 
300 |a Заглавие с титульного экрана 
320 |a [Библиогр.: с. 405 (3 назв.)] 
337 |a Adobe Reader 
463 0 |0 (RuTPU)RU\TPU\conf\6944  |t Молодежь и современные информационные технологии  |o сборник трудов X Международной научно-практической конференции студентов, аспирантов и молодых ученых, г. Томск, 13-16 ноября 2012 г.  |f Национальный исследовательский Томский политехнический университет (ТПУ) ; под ред. Е. А. Сикоры и др.  |v [С. 404-405]  |d 2012 
610 1 |a труды учёных ТПУ 
610 1 |a электронный ресурс 
610 1 |a частотные характеристики 
610 1 |a сильноточные шунты 
610 1 |a импульсы 
610 1 |a ток 
610 1 |a энергетическое оборудование 
700 1 |a Кузнецова  |b Е. Ю.  |c специалист в области информатики и вычислительной техники  |c инженер Томского политехнического университета  |f 1993-  |g Екатерина Юрьевна  |2 stltpush  |3 (RuTPU)RU\TPU\pers\33408 
701 1 |a Заревич  |b А. И.  |c российский ученый, специалист в области компьютерных измерительных систем  |c доцент Томского политехнического университета, кандидат технических наук  |f 1977-  |g Антон Иванович  |2 stltpush  |3 (RuTPU)RU\TPU\pers\27983 
712 0 2 |a Национальный исследовательский Томский политехнический университет (ТПУ)  |b Институт кибернетики (ИК)  |b Кафедра компьютерных измерительных систем и метрологии (КИСМ)  |h 66  |2 stltpush  |3 (RuTPU)RU\TPU\col\18706 
801 2 |a RU  |b 63413507  |c 20150302  |g RCR 
856 4 |u http://www.lib.tpu.ru/fulltext/c/2012/C04/175.pdf 
942 |c BK